<?xml version="1.0" encoding="UTF-8"?>
<record
    xmlns:xsi="http://www.w3.org/2001/XMLSchema-instance"
    xsi:schemaLocation="http://www.loc.gov/MARC21/slim http://www.loc.gov/standards/marcxml/schema/MARC21slim.xsd"
    xmlns="http://www.loc.gov/MARC21/slim">

  <leader>00727nam a2200205 a 4500</leader>
  <controlfield tag="003">CO-ViMGA</controlfield>
  <controlfield tag="005">20240806174723.0</controlfield>
  <controlfield tag="008">141112s2004    ck      r     000 u spa d</controlfield>
  <datafield tag="020" ind1=" " ind2=" ">
    <subfield code="a">9789583384738 (colecci&#xF3;n)</subfield>
  </datafield>
  <datafield tag="040" ind1=" " ind2=" ">
    <subfield code="a">CO-ViMGA</subfield>
    <subfield code="b">spa</subfield>
    <subfield code="c">CO-ViMGA</subfield>
  </datafield>
  <datafield tag="082" ind1="0" ind2="4">
    <subfield code="a">Co863.44 C826</subfield>
  </datafield>
  <datafield tag="245" ind1="1" ind2="0">
    <subfield code="a">Cuentos para contar : </subfield>
    <subfield code="b">cuentos populares colombianos / </subfield>
    <subfield code="c">[edici&#xF3;n, Lina Mej&#xED;a Correa, Tita Maya]</subfield>
  </datafield>
  <datafield tag="250" ind1=" " ind2=" ">
    <subfield code="a">Primera ecici&#xF3;n</subfield>
  </datafield>
  <datafield tag="300" ind1=" " ind2=" ">
    <subfield code="a">161 p&#xE1;ginas</subfield>
    <subfield code="b">ilustraciones a color</subfield>
    <subfield code="c">27cm</subfield>
  </datafield>
  <datafield tag="490" ind1=" " ind2=" ">
    <subfield code="a">Secretos para contar</subfield>
  </datafield>
  <datafield tag="650" ind1="1" ind2="4">
    <subfield code="a">Cuentos colombianos - Siglo XXI</subfield>
    <subfield code="9">2256</subfield>
  </datafield>
  <datafield tag="700" ind1="1" ind2=" ">
    <subfield code="a">Mej&#xED;a Correa, Lina, ed.</subfield>
    <subfield code="9">36453</subfield>
  </datafield>
  <datafield tag="942" ind1=" " ind2=" ">
    <subfield code="2">ddc</subfield>
    <subfield code="c">BK</subfield>
  </datafield>
  <datafield tag="990" ind1=" " ind2=" ">
    <subfield code="a">Fundaci&#xF3;n Secretos  para Contar 2 ejemplares 21 27/05/2011 n a763810</subfield>
  </datafield>
  <datafield tag="999" ind1=" " ind2=" ">
    <subfield code="c">32341</subfield>
    <subfield code="d">32341</subfield>
  </datafield>
  <datafield tag="952" ind1=" " ind2=" ">
    <subfield code="0">0</subfield>
    <subfield code="1">0</subfield>
    <subfield code="2">ddc</subfield>
    <subfield code="4">0</subfield>
    <subfield code="7">0</subfield>
    <subfield code="8">003</subfield>
    <subfield code="a">MEVIECAR</subfield>
    <subfield code="b">MEVIECAR</subfield>
    <subfield code="d">2015-12-04</subfield>
    <subfield code="h">10/jul/2012</subfield>
    <subfield code="l">1</subfield>
    <subfield code="o">Co863.44 C826 </subfield>
    <subfield code="p">25276</subfield>
    <subfield code="r">2023-02-17 00:00:00</subfield>
    <subfield code="s">2016-06-17</subfield>
    <subfield code="t">Ej. 1</subfield>
    <subfield code="w">2015-12-04</subfield>
    <subfield code="y">BK</subfield>
  </datafield>
  <datafield tag="952" ind1=" " ind2=" ">
    <subfield code="0">0</subfield>
    <subfield code="1">0</subfield>
    <subfield code="2">ddc</subfield>
    <subfield code="4">0</subfield>
    <subfield code="7">0</subfield>
    <subfield code="8">INF</subfield>
    <subfield code="a">MEDORADO</subfield>
    <subfield code="b">MEDORADO</subfield>
    <subfield code="c">SInf</subfield>
    <subfield code="d">2024-02-16</subfield>
    <subfield code="l">0</subfield>
    <subfield code="o">Co863.44 C826</subfield>
    <subfield code="p">DOR03192</subfield>
    <subfield code="r">2024-02-16 13:25:17</subfield>
    <subfield code="t">Ej.1</subfield>
    <subfield code="w">2024-02-16</subfield>
    <subfield code="y">BK</subfield>
  </datafield>
  <datafield tag="952" ind1=" " ind2=" ">
    <subfield code="0">0</subfield>
    <subfield code="1">0</subfield>
    <subfield code="2">ddc</subfield>
    <subfield code="4">0</subfield>
    <subfield code="7">0</subfield>
    <subfield code="8">INF</subfield>
    <subfield code="a">MEGUAMAL</subfield>
    <subfield code="b">MEGUAMAL</subfield>
    <subfield code="c">SInf</subfield>
    <subfield code="d">2024-08-06</subfield>
    <subfield code="l">0</subfield>
    <subfield code="o">Co863.44 C826</subfield>
    <subfield code="p">GUA004053</subfield>
    <subfield code="r">2024-08-06 17:35:40</subfield>
    <subfield code="t">Ej.1</subfield>
    <subfield code="w">2024-08-06</subfield>
    <subfield code="y">BKINF</subfield>
  </datafield>
  <datafield tag="952" ind1=" " ind2=" ">
    <subfield code="0">0</subfield>
    <subfield code="1">0</subfield>
    <subfield code="2">ddc</subfield>
    <subfield code="4">0</subfield>
    <subfield code="7">0</subfield>
    <subfield code="8">GEN</subfield>
    <subfield code="a">MEURIBE</subfield>
    <subfield code="b">MEURIBE</subfield>
    <subfield code="c">LIT</subfield>
    <subfield code="d">2025-03-28</subfield>
    <subfield code="l">0</subfield>
    <subfield code="o"> C CUE7</subfield>
    <subfield code="p">URI02425</subfield>
    <subfield code="r">2025-03-28 09:11:41</subfield>
    <subfield code="t">Ej.1</subfield>
    <subfield code="w">2025-03-28</subfield>
    <subfield code="y">BKINF</subfield>
  </datafield>
  <datafield tag="952" ind1=" " ind2=" ">
    <subfield code="0">0</subfield>
    <subfield code="1">0</subfield>
    <subfield code="2">ddc</subfield>
    <subfield code="4">0</subfield>
    <subfield code="7">0</subfield>
    <subfield code="8">INF</subfield>
    <subfield code="a">MEGRANAD</subfield>
    <subfield code="b">MEGRANAD</subfield>
    <subfield code="c">SInf</subfield>
    <subfield code="d">2025-09-24</subfield>
    <subfield code="l">0</subfield>
    <subfield code="o">Co863.44 C826</subfield>
    <subfield code="p">GRDA0060</subfield>
    <subfield code="r">2025-09-24 20:02:08</subfield>
    <subfield code="t">Ej.1</subfield>
    <subfield code="w">2025-09-24</subfield>
    <subfield code="y">BK</subfield>
  </datafield>
  <datafield tag="952" ind1=" " ind2=" ">
    <subfield code="0">0</subfield>
    <subfield code="1">0</subfield>
    <subfield code="2">ddc</subfield>
    <subfield code="4">0</subfield>
    <subfield code="7">0</subfield>
    <subfield code="8">GEN</subfield>
    <subfield code="a">MEPCONCO</subfield>
    <subfield code="b">MEPCONCO</subfield>
    <subfield code="c">GEN</subfield>
    <subfield code="d">2026-01-22</subfield>
    <subfield code="l">0</subfield>
    <subfield code="o">Co863.44 C826</subfield>
    <subfield code="p">PCON00269</subfield>
    <subfield code="r">2026-01-22 14:42:55</subfield>
    <subfield code="t">Ej.1</subfield>
    <subfield code="w">2026-01-22</subfield>
    <subfield code="y">BK</subfield>
  </datafield>
</record>
